South Eastern Kenya University

Library Online Public Access Catalogue


Principles and practice of analytical techniques in geosciences (Record no. 17282)

MARC details
000 -LEADER
fixed length control field 00551nam a22001817a 4500
003 - CONTROL NUMBER IDENTIFIER
control field OSt
005 - DATE AND TIME OF LATEST TRANSACTION
control field 20190205112432.0
008 - FIXED-LENGTH DATA ELEMENTS--GENERAL INFORMATION
fixed length control field 190205b ||||| |||| 00| 0 eng d
020 ## - INTERNATIONAL STANDARD BOOK NUMBER
International Standard Book Number 9781849736497
040 ## - CATALOGING SOURCE
Original cataloging agency SEKU
050 ## - LIBRARY OF CONGRESS CALL NUMBER
Classification number QE 516.3
Item number .G7
100 ## - MAIN ENTRY--PERSONAL NAME
Personal name Grice, Kliti
245 ## - TITLE STATEMENT
Title Principles and practice of analytical techniques in geosciences
260 ## - PUBLICATION, DISTRIBUTION, ETC. (IMPRINT)
Place of publication, distribution, etc.
Name of publisher, distributor, etc. World Resources Institute
300 ## - PHYSICAL DESCRIPTION
Extent 393p.:
650 ## - SUBJECT ADDED ENTRY--TOPICAL TERM
Topical term or geographic name as entry element Analytical geochemistry
General subdivision Earth sciences
-- Geochemistry
-- Mass spectrometry
-- Chemistry, Analytic
942 ## - ADDED ENTRY ELEMENTS (KOHA)
Source of classification or shelving scheme Library of Congress Classification
Koha item type General circulation
Holdings
Withdrawn status Lost status Source of classification or shelving scheme Damaged status Not for loan Home library Current library Shelving location Date acquired Source of acquisition Total Checkouts Full call number Barcode Date last seen Price effective from Koha item type
    Library of Congress Classification     Main Campus Library Main Campus Library General Stacks 05/02/2019 Donation - Book Aid   QE 516.3 .G7 2018/020302 05/02/2019 05/02/2019 General circulation
Kitui, Kenya.
+254736116989
library@seku.ac.ke